| 000 | 00594nam a22002057a 4500 | ||
|---|---|---|---|
| 001 | 19091 | ||
| 003 | BD-RjUL | ||
| 005 | 20211209000401.0 | ||
| 008 | 160823q1894 enkc 000 0 eng d | ||
| 035 | _a(BD-RjUL)19149 | ||
| 040 |
_aBD-RjUL _beng _cBD-RjUL |
||
| 041 | _aeng | ||
| 082 |
_a823.7 _bSCL 1894 |
||
| 100 | 1 |
_aScott, Walter. _958850 |
|
| 245 |
_aA legend of montrose / _cby Walter Scott |
||
| 260 |
_aLondon : _bBlackie & Sons, _c[1894]. |
||
| 300 |
_a216 p. : _bPortail ; _c18 cm. |
||
| 650 | 0 |
_aGreat Britain -- History _v Fiction _y Charles II,--1643-1649 _958851 |
|
| 942 |
_2ddc _cBK |
||
| 999 |
_c19091 _d19091 |
||